| 000 | 01165nam a2200313 i 4500 | ||
|---|---|---|---|
| 001 | 192628 | ||
| 003 | SpMaBN | ||
| 005 | 20240223063035.0 | ||
| 007 | ta | ||
| 008 | 230504s2021 sp | |||| 000 0 spa | ||
| 017 |
_aAL 2241-2021 _bOficina Depósito Legal Almería |
||
| 020 | _a9788411111171 | ||
| 040 |
_aSpMaBN _bspa _cES-MaACL _erda |
||
| 080 | _a621.311.243(460):502 621.383.51 | ||
| 100 | 1 |
_aPortillo Pasqual del Riquelme, Luis, _d1945- _eaut _9176408 |
|
| 245 | 1 | 3 |
_aLa invasión fotovoltaica de los campos de España : _bla batalla de Méntrida y de muchos otros pueblos / _cLuis Portillo Pasqual del Riquelme |
| 250 | _aPrimera edición: octubre 2021 | ||
| 264 | 1 |
_a[Roquetas de Mar (Almería)] : _bCírculo Rojo, _c2021 |
|
| 300 |
_a216 páginas : _bfotografías (color) ; _c21 cm |
||
| 336 |
_aTexto _2rdacontent |
||
| 337 |
_asin mediación _2rdamedia |
||
| 338 |
_avolumen _2rdacarrier |
||
| 500 | _aÍndice | ||
| 650 | 7 |
_aCentrales solares _2embne _9176409 |
|
| 852 |
_aES-MaACL _bR. 153348 _cDEPOJ _jN-8255 _hDonación: Editorial _9199922 |
||
| 942 |
_cMONOGRAFIA _n0 |
||
| 999 |
_c192628 _d192628 |
||